000 01349cam a22003617a 4500
003 CHAP
005 20220329142840.0
008 040817d2003 mx ab r 00110 spa d
010 _a88669
011 _a89641
035 _a100192
040 _cCHAP
090 _aTesis
100 0 0 _aRobles Chavira, Manuel Alejandro.
_998068
245 1 0 _aClasificación y ordenación de la selva baja caducifolia en el ejido Tachinolpa, Culiacán, Sinaloa
_c/por Manuel Alejandro Robles Chavira
260 _aChapingo, Méx. :
_bEl autor,
_c2003.
300 _a112 h. ;
_bilus. ; mapa
502 _aTesis (M.C. en Ciencias Forestales) --- UACH. División de Ciencias Forestales
590 _aALEPH
_b10
_c20130110
_lUCH01
_h1500
590 _aBATCH-UPD
_b10
_c20130110
_lUCH01
_h0030
590 _aBATCH-UPD
_b10
_c20130110
_lUCH01
_h1638
590 _aBATCH-UPD
_b10
_c20130410
_lUCH01
_h1029
590 _aBATCH-UPD
_b10
_c20130914
_lUCH01
_h0738
590 _aCONVERSION
_b10
_c20130109
_lUCH01
_h1349
650 1 4 _aBotánica
_xClasificación.
_914516
650 1 4 _aRecursos naturales
_xAdministración.
_995175
650 1 4 _aSelvas
_xSinaloa.
_9103828
901 _aBK
905 _aMayto Villalobos Santana
942 _cFOLL
949 _aTesis
_bBC
_cTES
_d100192123
_eTS1
_h42371
_i100192
_sb
949 _aTesis
_bBC
_cTES
_d33724000928008
_eTS2
_fc.2
_h42372
_i100192
_sb
999 _c88669
_d88669